| 000 | 00450nam a2200157 i 4500 | ||
|---|---|---|---|
| 001 | 29072 | ||
| 003 | ES-MaACL | ||
| 005 | 20230906153954.0 | ||
| 007 | t| | ||
| 008 | 030121s1975 sp ||||1| spa d | ||
| 100 | 1 |
_aBarbeito y Cerviño, María. _925401 |
|
| 245 | 1 | 0 |
_aPaíses y escuelas / _cMaría Barbeito y Cerviño. |
| 260 |
_aLa Coruña : _bMoret, _c1975. |
||
| 300 |
_a221 p. : _b1 retr. aut. ; _c20 cm. |
||
| 852 |
_aES-MaACL _jA-6131 _bR.95007 |
||
| 999 |
_c29072 _d29072 |
||